<?xml version="1.0" encoding="UTF-8"?><?xml-stylesheet type="text/xsl" href="static/style.xsl"?><OAI-PMH xmlns="http://www.openarchives.org/OAI/2.0/" xmlns:xsi="http://www.w3.org/2001/XMLSchema-instance" xsi:schemaLocation="http://www.openarchives.org/OAI/2.0/ http://www.openarchives.org/OAI/2.0/OAI-PMH.xsd"><responseDate>2026-04-13T02:38:56Z</responseDate><request verb="GetRecord" identifier="oai:www.recercat.cat:2117/394019" metadataPrefix="marc">https://recercat.cat/oai/request</request><GetRecord><record><header><identifier>oai:recercat.cat:2117/394019</identifier><datestamp>2025-07-23T07:10:04Z</datestamp><setSpec>com_2072_1033</setSpec><setSpec>col_2072_452951</setSpec></header><metadata><record xmlns="http://www.loc.gov/MARC21/slim" xmlns:dcterms="http://purl.org/dc/terms/" xmlns:xsi="http://www.w3.org/2001/XMLSchema-instance" xmlns:doc="http://www.lyncode.com/xoai" xsi:schemaLocation="http://www.loc.gov/MARC21/slim http://www.loc.gov/standards/marcxml/schema/MARC21slim.xsd">
   <leader>00925njm 22002777a 4500</leader>
   <datafield ind2=" " ind1=" " tag="042">
      <subfield code="a">dc</subfield>
   </datafield>
   <datafield ind2=" " ind1=" " tag="720">
      <subfield code="a">Revilla Bouso, Ramón</subfield>
      <subfield code="e">author</subfield>
   </datafield>
   <datafield ind2=" " ind1=" " tag="260">
      <subfield code="c">2023-07-12</subfield>
   </datafield>
   <datafield ind2=" " ind1=" " tag="520">
      <subfield code="a">Over the last decade, CubeSats, a standardised satellite design, have opened up doors of space exploration to a wide range of universities, startups and research groups by offering low-cost, versatile operations. This thesis is within the framework of the DISEN research group and its Amazon Mission, which intends to establish a communication link between a remote and inaccessible place such as the Amazon, with the DISEN ground station. The thesis aims to develop an attitude control system and flight schedule for the Amazon Mission CubeSat using the NASA’s open-source 42 Simulator. In addition, Matlab is used to plot and analyse the simulation outputs. The attitude control system is designed with two possible states: a ground station pointing state, to be used during a flyby over a ground station, and an Earth pointing state, to be used during the rest of the orbit. Based on this, the flight schedule calls each state at the required time, depending on the CubeSat relative position with the Earth. Furthermore, a preliminary analysis on the battery management and data flow of the CubeSat throughout its orbit is implemented. To analyse the simulation results, data such as the pointing accuracy, the angular velocity of the reaction wheels and the battery consumption is particularly focused and detailed due to being critical factors for the performance of the CubeSat. Regarding the final design, it provides the CubeSat with a pointing accuracy below 4 degrees at all times and with a 20% battery charge surplus during each orbit. It also ensures that the operation of the reaction wheels is within limits. With the results obtained, it can be stated that the CubeSat designed has a reliable operation and fulfills the Amazon Mission goals. Nevertheless, this thesis has built the mission foundations within the 42 Simulator, and it is future work to refine many of the processes and models designed to achieve even more realistic simulations.</subfield>
   </datafield>
   <datafield tag="653" ind2=" " ind1=" ">
      <subfield code="a">Àrees temàtiques de la UPC::Enginyeria de la telecomunicació::Radiocomunicació i exploració electromagnètica::Satèl·lits i ràdioenllaços</subfield>
   </datafield>
   <datafield tag="653" ind2=" " ind1=" ">
      <subfield code="a">Artificial satellites</subfield>
   </datafield>
   <datafield tag="653" ind2=" " ind1=" ">
      <subfield code="a">Flight control</subfield>
   </datafield>
   <datafield tag="653" ind2=" " ind1=" ">
      <subfield code="a">Flight simulators</subfield>
   </datafield>
   <datafield tag="653" ind2=" " ind1=" ">
      <subfield code="a">CubeSat</subfield>
   </datafield>
   <datafield tag="653" ind2=" " ind1=" ">
      <subfield code="a">Attitude Determination and Control System</subfield>
   </datafield>
   <datafield tag="653" ind2=" " ind1=" ">
      <subfield code="a">ADCS</subfield>
   </datafield>
   <datafield tag="653" ind2=" " ind1=" ">
      <subfield code="a">42 Simulator</subfield>
   </datafield>
   <datafield tag="653" ind2=" " ind1=" ">
      <subfield code="a">Earth pointing</subfield>
   </datafield>
   <datafield tag="653" ind2=" " ind1=" ">
      <subfield code="a">Ground Station pointing</subfield>
   </datafield>
   <datafield tag="653" ind2=" " ind1=" ">
      <subfield code="a">Battery Management System</subfield>
   </datafield>
   <datafield tag="653" ind2=" " ind1=" ">
      <subfield code="a">CubeSat communication</subfield>
   </datafield>
   <datafield tag="653" ind2=" " ind1=" ">
      <subfield code="a">Satèl·lits artificials</subfield>
   </datafield>
   <datafield tag="653" ind2=" " ind1=" ">
      <subfield code="a">Sistemes de control (Vol)</subfield>
   </datafield>
   <datafield tag="653" ind2=" " ind1=" ">
      <subfield code="a">Simuladors de vol</subfield>
   </datafield>
   <datafield ind2="0" ind1="0" tag="245">
      <subfield code="a">Design of an attitude control system and flight schedule for CubeSats with NASA 42 Simulator</subfield>
   </datafield>
</record></metadata></record></GetRecord></OAI-PMH>